000 00696nam a2200181Ia 4500
008 151202s9999||||xx |||||||||||||| ||und||
082 _bPNVM-46086
100 _aनरवणे अंजनी.
245 _aआपण आपले ताणतणाव: एक चिंतन.
260 _b"मेहता पब्लिशिंग हाऊस, पुणे."
260 _c2004
300 _a132
600 _aनरवणे अंजनी.
630 _aआपण आपले ताणतणाव: एक चिंतन.
700 _aनरवणे अंजनी.
730 _aआपण आपले ताणतणाव: एक चिंतन.
942 _cBOOK
999 _c1312036
_d1312033